| 000 | 00660nam a22002057a 4500 | ||
|---|---|---|---|
| 999 |
_c14387 _d14387 |
||
| 003 | AR-CdUCM | ||
| 008 | 190423b ||||| |||| 00| 0 spa d | ||
| 020 | _a978-958-30-2887-8 | ||
| 040 |
_aMUNICIPALIDAD PROVINCIAL DEL CUSCO _cBIBLIOTECA MUNICIPAL DEL CUSCO |
||
| 082 |
_aPI / 376.1 / _bP23 |
||
| 245 | _aMi mundo en rosa mi día / | ||
| 260 |
_aColombia : _bPanamericana, _c2008. |
||
| 300 |
_a8 paginas ; _bIlustraciones, _c16 cm. |
||
| 650 |
_aCuentos para niñas _933137 |
||
| 650 |
_aMundo rosa _933138 |
||
| 650 |
_aMundo de niñas _933139 |
||
| 700 |
_aPulido Ovalle, Érika (Traducción) _933140 |
||
| 942 |
_2ddc _cLIBROS |
||
| 945 |
_awnts _d2019-04-23 |
||